000 00871cam a2200253 a 4500
001 16299122
005 20161121141324.0
008 100623s2011 flua b 001 0 eng
020 _a9781439815069 (hardcover : alk. paper)
020 _a1439815062 (hardcover : alk. paper)
035 _a(OCoLC)ocn643568746
040 _aDLC
_cDLC
_dYDX
_dYDXCP
_dUKM
_dCDX
_dDLC
082 0 0 _a621.312136
_222
_bJHA
100 1 _aJha, A. R.
_928647
245 1 0 _aWind turbine technology /
_cA.R. Jha.
260 _aBoca Raton, FL :
_bCRC Press,
_cc2011.
300 _axxiv, 267 p. :
_bill. ;
_c25 cm.
504 _aIncludes bibliographical references and index.
650 0 _aWind power.
_928649
653 _bGen
_cFebruary2012
650 0 _928648
_aWind turbines
942 _2ddc
_cBB
999 _c16395
_d16395